| 000 | 00755nam a2200253 a 4500 | ||
|---|---|---|---|
| 001 | 1532688 | ||
| 003 | OSt | ||
| 005 | 20221107031118.0 | ||
| 008 | 900608s1989 onc b 000 0 eng | ||
| 010 | _a 90164104 | ||
| 020 | _a0889611327 | ||
| 040 |
_aMMU _cMMU _beng _dMMU |
||
| 050 | 0 | 0 |
_aRG133.5 _b.F9 1989 |
| 082 | 0 | 0 |
_a176 _220 |
| 245 | 0 | 4 |
_aThe Future of human reproduction / _cedited by Christine Overall. |
| 260 |
_aToronto, Ont. : _bWomen's Press, _cc1989. |
||
| 300 |
_a279 p. ; _c22 cm. |
||
| 500 | _aIncludes bibliographical references. | ||
| 650 | 0 | _aHuman reproductive technology. | |
| 650 | 0 |
_aHuman reproduction _xMoral and ethical aspects. |
|
| 650 | 0 | _aFeminism. | |
| 700 | 1 |
_aOverall, Christine, _d1949- |
|
| 942 |
_2lcc _cLOAN LOAN |
||
| 999 |
_c26889 _d26889 |
||